Normal view
MARC view
- قحف، منذر
Entry Personal Name
001 - CONTROL NUMBER
- control field: 27849
003 - CONTROL NUMBER IDENTIFIER
- control field: JO-AjAnu
005 - DATE AND TIME OF LATEST TRANSACTION
- control field: 20230606074727.0
008 - FIXED-LENGTH DATA ELEMENTS
- fixed length control field: 230606|| aca||aabn | a|a d
040 ## - CATALOGING SOURCE
- Original cataloging agency: JO-AjAnu
- Transcribing agency: JO-AjAnu
100 ## - HEADING--PERSONAL NAME
- Personal name: قحف، منذر
670 ## - SOURCE DATA FOUND
- Source citation: Work cat.: (JO-AjAnu)14299: قحف، منذر, author, اقتصاديات المسؤولية التقصيرية للمنتج : بحث عن وجهة نظر إسلامية